|
|
|
|
| LEADER |
00000cam a2200000 7i4500 |
| 001 |
0000002599 |
| 005 |
20030826.0 |
| 020 |
0 |
0 |
|a 0801831490
|
| 090 |
0 |
0 |
|a 331.763091724
|b AGR 1986
|
| 245 |
0 |
0 |
|a AGRICULTURAL household models :
|b extensions, applications, and policy
|c Inderjit Singh, Lyn Squire, John Strauss, editors
|
| 260 |
0 |
0 |
|a Baltimore :
|b Johns Hopkins University Press ,
|c 1986
|
| 300 |
|
|
|a xi, 335 p. :
|b ill. ;
|c 25 cm.
|
| 440 |
0 |
0 |
|a A World Bank research publication
|
| 500 |
0 |
0 |
|a Includes bibliographies and index
|
| 650 |
0 |
0 |
|a Agricultural industries
|x Developing countries
|x Case studies
|
| 650 |
0 |
0 |
|a Agricultural laborers
|x Government policy
|x Developing countries
|x Case studies
|
| 650 |
0 |
0 |
|a Agricultural labourers
|x Developing countries
|x Case studies
|
| 650 |
0 |
0 |
|a Developing countries
|x Rural conditions
|x Case studies
|
| 650 |
0 |
0 |
|a Rural families
|x Developing countries
|x Case studies
|
| 700 |
0 |
1 |
|a Singh
|h Inderjit ,
|c 1941-
|
| 700 |
0 |
1 |
|a Squire
|h Lyn ,
|c 1946-
|
| 700 |
0 |
1 |
|a Strauss
|h John ,
|c 1951-
|
| 710 |
1 |
1 |
|a World Bank
|
| 998 |
|
|
|a JPSM
|
| 999 |
|
|
|a 0000004378
|b Monograph
|c Open Shelf
|e Default branch
|